000
00302nam a22001097a 4500
008
230620b xxu||||| |||| 00| 0 eng d
082
_a
327.42
245
_a
Survey of British Commonwealth Affairs
260
_a
London
_b
Royal Institute of International Affairs
_c
1958
300
_a
XV,467
942
_2
ddc
_c
BK
999
_c
1921
_d
1921